000 00412nam a2200145Ia 4500
003 OSt
005 20260114112731.0
008 211028s2012 xx 000 0 und d
040 _cAIMIT LIBRARY
041 _aeng
100 _aKatagi, Raju; Thomas, Babu.
_g1016030
_96907
245 _aBuilding dealership network uniq power batteries Mangalore /
260 _aMangalore
_bThomas, Babu
_c2012
942 _2ddc
_cPRO
999 _c218477
_d218477